书目信息 |
| 题名: |
阿拉伯通史
|
|
| 作者: | 纳中 | |
| 分册: | 上 | |
| 出版信息: | 北京 商务印书馆 1999 |
|
| 页数: | 648 | |
| 开本: | 20cm | |
| 丛书名: | ||
| 单 册: | ||
| 中图分类: | K387 | |
| 科图分类: | ||
| 主题词: | 亚洲--历史 | |
| 电子资源: | ||
| ISBN: | 7-100-01865-X | |
| 000 | 00466nam0 2200181 450 | |
| 001 | 0757995392 | |
| 005 | 20071007160635.39 | |
| 010 | @a7-100-01865-X | |
| 100 | @a20071007d km y0chiy0120 ea | |
| 101 | 0 | @achi |
| 200 | 1 | @a阿拉伯通史@Aa la bo tong shi@h上@f纳中@Fna zhong |
| 210 | @a北京@c商务印书馆@d1999 | |
| 215 | @a648@d20cm | |
| 606 | 0 | @a亚洲@x历史 |
| 690 | @aK387@v3 | |
| 701 | 0 | @a纳中@Ana zhong |
| 801 | 0 | @aCN@bPFT@c20071007 |
| 905 | @a213230@dK387@ea5:1@f1 | |
| 阿拉伯通史.上/纳中.-北京:商务印书馆,1999 |
| 648;20cm |
| ISBN 7-100-01865-X: |
| ● |
| 相关链接 |
|
|
|
|
正题名:阿拉伯通史
索取号:K387/a5:1
 
预约/预借
| 序号 | 登录号 | 条形码 | 馆藏地/架位号 | 状态 | 备注 |
| 1 | 7508895 | 275088959 | 史法系资料室/ [索取号:K387/a5:1] | 在馆 |